[Event "GER-ch Net blitz qual4"]
[Site "Playchess.com INT"]
[Date "2020.03.23"]
[Round "9"]
[White "Tiarks, Jann Christian"]
[Black "Wachsmann, Dietmar"]
[Result "1-0"]
[WhiteElo "2159"]
[BlackElo "2031"]
[PlyCount "39"]
[EventDate "2020.03.23"]
[EventType "swiss (blitz)"]
[EventRounds "9"]
[EventCountry "GER"]
[SourceTitle "CBM 195 Extra"]
[Source "ChessBase"]
[SourceDate "2020.05.31"]
[SourceVersion "1"]
[SourceVersionDate "2020.05.31"]
[SourceQuality "1"]

1. e4 c6 2. Nf3 g6 3. d4 Na6 4. Nc3 Nc7 5. Be3 d5 6. h3 Bg7 7. Qd2 dxe4 8. Nxe4 Nf6 9. Bd3 Be6 10. c4 0-0 11. 0-0 Nxe4 12. Bxe4 Bxc4 13. Rfe1 Bd5 14. Bh6 Bxe4 15. Rxe4 Qd5 16. Rh4 Ne6 17. Bxg7 Nxg7 18. Qh6 Nh5 19. Ng5 Nf6 20. Nxh7 1-0

[Event "GER-ch Net blitz qual3"]
[Site "Playchess.com INT"]
[Date "2020.03.21"]
[Round "9"]
[White "Engel, Robert"]
[Black "Wachsmann, Dietmar"]
[Result "1-0"]
[WhiteElo "2122"]
[BlackElo "2031"]
[PlyCount "53"]
[EventDate "2020.03.21"]
[EventType "swiss (blitz)"]
[EventRounds "9"]
[EventCountry "GER"]
[SourceTitle "CBM 195 Extra"]
[Source "ChessBase"]
[SourceDate "2020.05.31"]
[SourceVersion "1"]
[SourceVersionDate "2020.05.31"]
[SourceQuality "1"]

1. e4 c5 2. Nf3 e6 3. d4 cxd4 4. Nxd4 Nf6 5. Nc3 Nc6 6. Nxc6 bxc6 7. e5 Nd5 8. Ne4 Qc7 9. f4 Qb6 10. c4 Bb4+ 11. Ke2 f5 12. exf6 Nxf6 13. Nxf6+ gxf6 14. a3 Be7 15. b4 a5 16. Be3 Qc7 17. Kf2 0-0 18. Bd3 d5 19. Qh5 Rf7 20. h4 d4 21. Bd2 e5 22. Rh3 Bxh3 23. gxh3 Rg7 24. Rg1 Bf8 25. Bxh7+ Kh8 26. Bf5+ Kg8 27. Be6+ 1-0

[Event "GER-ch Net blitz qual3"]
[Site "Playchess.com INT"]
[Date "2020.03.21"]
[Round "7"]
[White "Krastev, Alexander"]
[Black "Wachsmann, Dietmar"]
[Result "1-0"]
[WhiteElo "2340"]
[BlackElo "2031"]
[PlyCount "55"]
[EventDate "2020.03.21"]
[EventType "swiss (blitz)"]
[EventRounds "9"]
[EventCountry "GER"]
[SourceTitle "CBM 195 Extra"]
[Source "ChessBase"]
[SourceDate "2020.05.31"]
[SourceVersion "1"]
[SourceVersionDate "2020.05.31"]
[SourceQuality "1"]

1. e4 c5 2. Nf3 e6 3. g3 Nf6 4. Nc3 d5 5. exd5 exd5 6. Bg2 Nc6 7. 0-0 Be7 8. d4 0-0 9. dxc5 Bxc5 10. Bg5 d4 11. Bxf6 Qxf6 12. Ne4 Qe7 13. Re1 Bg4 14. h3 Bh5 15. g4 Bg6 16. Ng3 Qd7 17. Nh4 d3 18. Nxg6 fxg6 19. Ne4 Qd4 20. Qxd3 Rad8 21. Qxd4 Bxd4 22. c3 Bb6 23. Rad1 Ne5 24. Rxd8 Rxd8 25. Kf1 h5 26. Ng5 Nd3 27. Bd5+ Kf8 28. Nh7# 1-0

[Event "GER-ch Net blitz qual3"]
[Site "Playchess.com INT"]
[Date "2020.03.21"]
[Round "8"]
[White "Wachsmann, Dietmar"]
[Black "Acikel, Mert"]
[Result "1-0"]
[WhiteElo "2031"]
[BlackElo "2149"]
[PlyCount "47"]
[EventDate "2020.03.21"]
[EventType "swiss (blitz)"]
[EventRounds "9"]
[EventCountry "GER"]
[SourceTitle "CBM 195 Extra"]
[Source "ChessBase"]
[SourceDate "2020.05.31"]
[SourceVersion "1"]
[SourceVersionDate "2020.05.31"]
[SourceQuality "1"]

1. e4 e5 2. f4 d5 3. exd5 exf4 4. Nf3 Nf6 5. d4 Qxd5 6. Bxf4 Bb4+ 7. c3 Ba5 8. Bd3 0-0 9. 0-0 h6 10. a4 c6 11. Bc2 Bf5 12. Bb3 Qe4 13. Bg3 Nbd7 14. Nbd2 Qe3+ 15. Kh1 Rae8 16. Nc4 Qd3 17. Nxa5 Ne4 18. Qxd3 Nxg3+ 19. hxg3 Bxd3 20. Rfe1 Nf6 21. Rxe8 Rxe8 22. Ne5 Ne4 23. Nxd3 Nxg3+ 24. Kh2 1-0

[Event "Erfurt op-A 29th"]
[Site "Erfurt"]
[Date "2019.12.27"]
[Round "3"]
[White "Wachsmann, Dietmar"]
[Black "Kottwitz, Daniel"]
[Result "1-0"]
[WhiteElo "2032"]
[BlackElo "1949"]
[PlyCount "47"]
[EventDate "2019.12.26"]
[EventType "swiss"]
[EventRounds "8"]
[EventCountry "GER"]
[SourceTitle "CBM 194 Extra"]
[Source "ChessBase"]
[SourceDate "2020.03.31"]
[SourceVersion "1"]
[SourceVersionDate "2020.03.31"]
[SourceQuality "1"]

1. e4 d5 2. exd5 Qxd5 3. Nf3 Nf6 4. d4 Bg4 5. Be2 c6 6. c4 Qf5 7. Nc3 e6 8. Qb3 b6 9. h3 Bxf3 10. Bxf3 Bd6 11. Nb5 cxb5 12. Bxa8 bxc4 13. Qxc4 0-0 14. 0-0 Nbd7 15. Qc6 Bb8 16. Qf3 Qc2 17. b3 Rc8 18. Ba3 Qc7 19. g3 h5 20. Rac1 Qd8 21. Bb7 Rc7 22. Bd6 Rxb7 23. Qxb7 Bxd6 24. Rc8 1-0

[Event "Wiesbaden op 31st"]
[Site "Wiesbaden"]
[Date "2019.08.25"]
[Round "7"]
[White "Reitz, Theresa"]
[Black "Wachsmann, Dietmar"]
[Result "1/2-1/2"]
[WhiteElo "1936"]
[BlackElo "2038"]
[PlyCount "82"]
[EventDate "2019.08.22"]
[EventType "swiss"]
[EventRounds "7"]
[EventCountry "GER"]
[SourceTitle "EXT 2020"]
[Source "ChessBase"]
[SourceDate "2019.10.17"]
[SourceVersion "1"]
[SourceVersionDate "2019.10.17"]
[SourceQuality "1"]

1. Nf3 e6 2. g3 Nf6 3. Bg2 d5 4. 0-0 Be7 5. d4 0-0 6. c4 c5 7. cxd5 exd5 8. dxc5 Bxc5 9. b3 Nc6 10. Bb2 Re8 11. Nc3 Bf5 12. Rc1 Bf8 13. Nd4 Bg4 14. Re1 Rc8 15. h3 Be6 16. Na4 Ne4 17. Nxe6 Rxe6 18. Nc3 Bb4 19. Rf1 Qa5 20. Nxe4 dxe4 21. Qc2 Bd2 22. Rcd1 e3 23. f4 Ree8 24. Qb1 Rcd8 25. Kh2 Qc5 26. Be4 Qh5 27. Bf3 Qg6 28. f5 Qd6 29. Ba1 b6 30. Be4 Nd4 31. Bd3 Rc8 32. Rf4 Nc6 33. Rg4 Ne5 34. Rd4 Qc7 35. Be4 Rcd8 36. Qb2 Rxd4 37. Qxd4 f6 38. Bd5+ Kf8 39. Qf4 Qc5 40. Be6 Qb5 41. Qf1 Qc5 1/2-1/2

[Event "Hofheim Spring op 7th"]
[Site "Hofheim"]
[Date "2019.04.26"]
[Round "6"]
[White "Nurgaliyev, Sauat"]
[Black "Wachsmann, Dietmar"]
[Result "1-0"]
[WhiteElo "1898"]
[BlackElo "2070"]
[PlyCount "65"]
[EventDate "2019.04.23"]
[EventType "swiss"]
[EventRounds "9"]
[EventCountry "GER"]
[SourceTitle "CBM 190 Extra"]
[Source "ChessBase"]
[SourceDate "2019.07.15"]
[SourceVersion "1"]
[SourceVersionDate "2019.07.15"]
[SourceQuality "1"]

1. d4 d5 2. Nf3 e6 3. g3 Nf6 4. Bg2 Bd6 5. 0-0 0-0 6. c4 c6 7. Nfd2 Nbd7 8. Nc3 h6 9. e4 dxe4 10. Ndxe4 Nxe4 11. Nxe4 Be7 12. Bf4 Nb6 13. b3 f5 14. Nc3 c5 15. dxc5 Bxc5 16. Nb5 Qe7 17. Nc7 e5 18. Nxa8 exf4 19. Nxb6 Bxb6 20. gxf4 Rd8 21. Qh5 Rd2 22. Kh1 Bxf2 23. Qf3 Bh4 24. Rg1 Qf6 25. Qe3 Rxg2 26. Kxg2 Bd7 27. Qe5 Qb6 28. Kh3 g5 29. Rad1 Bc6 30. Qe6+ Kf8 31. Qxh6+ Kf7 32. Qh7+ Kf6 33. Rd6# 1-0

[Event "Hofheim Spring op 7th"]
[Site "Hofheim"]
[Date "2019.04.26"]
[Round "7"]
[White "Wachsmann, Dietmar"]
[Black "Daub, Wolfgang"]
[Result "1-0"]
[WhiteElo "2070"]
[BlackElo "2057"]
[PlyCount "31"]
[EventDate "2019.04.23"]
[EventType "swiss"]
[EventRounds "9"]
[EventCountry "GER"]
[SourceTitle "CBM 190 Extra"]
[Source "ChessBase"]
[SourceDate "2019.07.15"]
[SourceVersion "1"]
[SourceVersionDate "2019.07.15"]
[SourceQuality "1"]

1. e4 e5 2. Nf3 Nc6 3. Bb5 f5 4. Nc3 Nd4 5. exf5 Nxb5 6. Nxb5 c6 7. Nxe5 cxb5 8. Qh5+ Ke7 9. Ng6+ hxg6 10. Qxh8 Nh6 11. d3 Qe8 12. 0-0 Qf7 13. Re1+ Kd8 14. fxg6 Qg8 15. Bg5+ Kc7 16. Qxg8 1-0

[Event "Hofheim Spring op 7th"]
[Site "Hofheim"]
[Date "2019.04.24"]
[Round "3"]
[White "Wachsmann, Dietmar"]
[Black "Foerster Yialamas, Lucas"]
[Result "1-0"]
[WhiteElo "2070"]
[BlackElo "1934"]
[PlyCount "41"]
[EventDate "2019.04.23"]
[EventType "swiss"]
[EventRounds "9"]
[EventCountry "GER"]
[SourceTitle "CBM 190 Extra"]
[Source "ChessBase"]
[SourceDate "2019.07.15"]
[SourceVersion "1"]
[SourceVersionDate "2019.07.15"]
[SourceQuality "1"]

1. e4 c5 2. Nf3 d6 3. d4 cxd4 4. Nxd4 Nf6 5. Nc3 a6 6. Bg5 e6 7. f4 h6 8. Bh4 Qb6 9. Qd2 Qxb2 10. Rb1 Qa3 11. f5 exf5 12. Bxf6 gxf6 13. Be2 Qc5 14. Nd5 Bg7 15. Nb3 Qc6 16. Na5 Qc5 17. Nxb7 Bxb7 18. Rxb7 0-0 19. Rc7 Nc6 20. Rxc6 Qa5 21. Qxa5 1-0

[Event "Hessen-chA"]
[Site "Frankfurt"]
[Date "2018.05.11"]
[Round "4"]
[White "Wachsmann, Dietmar"]
[Black "Sever, Mustafa Batuhan"]
[Result "1-0"]
[WhiteElo "2026"]
[BlackElo "1960"]
[PlyCount "83"]
[EventDate "2018.05.10"]
[EventType "swiss"]
[EventRounds "7"]
[EventCountry "GER"]
[SourceTitle "EXT 2019"]
[Source "ChessBase"]
[SourceDate "2018.10.10"]
[SourceVersion "1"]
[SourceVersionDate "2018.10.10"]
[SourceQuality "1"]

1. e4 c5 2. Nf3 e6 3. d4 cxd4 4. Nxd4 Nf6 5. Nc3 d6 6. Be3 Be7 7. f3 Nc6 8. Qd2 0-0 9. 0-0-0 d5 10. exd5 Nxd5 11. Nxd5 Qxd5 12. Kb1 Bf6 13. Nb3 Qe5 14. Qc1 Qc7 15. Bd3 b6 16. Bf4 e5 17. Bg5 Bxg5 18. Qxg5 Be6 19. Be4 Rac8 20. Rd2 f5 21. Bd5 Bxd5 22. Rxd5 h6 23. Qd2 Rfd8 24. Rd1 Nd4 25. Rxd8+ Rxd8 26. Qd3 Ne6 27. Qe2 Rxd1+ 28. Qxd1 Qd8 29. Kc1 Qg5+ 30. Qd2 Kf7 31. a4 Qh4 32. g3 Qxa4 33. Qd5 Kf6 34. c3 Qa6 35. Nd2 Qe2 36. Nc4 Qf1+ 37. Kc2 Qf2+ 38. Kb3 Qc5 39. Qd7 a5 40. Nd6 a4+ 41. Kc2 Ng5 42. Ne8+ 1-0

[Event "Hessen-chA"]
[Site "Frankfurt"]
[Date "2018.05.11"]
[Round "3"]
[White "Wachsmann, Dietmar"]
[Black "Ullmann, Ralf"]
[Result "1-0"]
[WhiteElo "2026"]
[BlackElo "1910"]
[PlyCount "65"]
[EventDate "2018.05.10"]
[EventType "swiss"]
[EventRounds "7"]
[EventCountry "GER"]
[SourceTitle "EXT 2019"]
[Source "ChessBase"]
[SourceDate "2018.10.10"]
[SourceVersion "1"]
[SourceVersionDate "2018.10.10"]
[SourceQuality "1"]

1. d4 g6 2. e4 Bg7 3. c4 c5 4. d5 d6 5. Qc2 b5 6. cxb5 a6 7. Bd2 axb5 8. Bxb5+ Bd7 9. Bxd7+ Nxd7 10. Bc3 Ngf6 11. Nf3 0-0 12. 0-0 Qb6 13. Na3 Rfb8 14. Nc4 Qb5 15. Nfd2 Ra7 16. a4 Qa6 17. a5 Rab7 18. h3 Rb5 19. f4 R5b7 20. Qd3 Ne8 21. Bxg7 Kxg7 22. e5 Rb4 23. Rae1 Kg8 24. Qe4 Qb7 25. Nf3 Qa6 26. Nfd2 Qb7 27. g4 Nc7 28. exd6 exd6 29. Qe7 Nxd5 30. Qxd6 N5f6 31. Re7 Qc8 32. g5 Nb6 33. Qxf6 1-0

[Event "Staufer op-A 30th"]
[Site "Schwaebisch Gmuend"]
[Date "2018.01.03"]
[Round "3"]
[White "Burmakin, Vladimir"]
[Black "Wachsmann, Dietmar"]
[Result "1-0"]
[WhiteElo "2526"]
[BlackElo "2003"]
[PlyCount "79"]
[EventDate "2018.01.02"]
[EventType "swiss"]
[EventRounds "9"]
[EventCountry "GER"]
[SourceTitle "CBM 182 Extra"]
[Source "ChessBase"]
[SourceDate "2018.02.23"]
[SourceVersion "1"]
[SourceVersionDate "2018.02.23"]
[SourceQuality "1"]

1. Nf3 d5 2. g3 c6 3. d4 Bg4 4. Bg2 e6 5. 0-0 Bd6 6. Nbd2 Nf6 7. Re1 0-0 8. e4 Nxe4 9. Nxe4 dxe4 10. Rxe4 Bf5 11. Re1 Nd7 12. c3 Qc7 13. Nd2 Rfe8 14. Nc4 Nb6 15. Nxd6 Qxd6 16. Qb3 Bd3 17. Bf4 Qd7 18. a4 Bc4 19. Qd1 Nd5 20. Bd2 Rad8 21. b3 Ba6 22. Qc2 b6 23. Rad1 Bb7 24. c4 Ne7 25. Bc3 Qc8 26. Be4 Ng6 27. Qb2 f6 28. c5 Ne7 29. Qc2 f5 30. Bg2 Nd5 31. Bd2 Qd7 32. Re5 Qf7 33. b4 Rc8 34. Rde1 Qd7 35. h4 h6 36. Bf3 Nf6 37. Qa2 Qxd4 38. Rxe6 Kf8 39. Rd1 Qd7 40. Rxf6+ 1-0

[Event "Korbach op 9th"]
[Site "Korbach"]
[Date "2017.10.22"]
[Round "7"]
[White "Wachsmann, Dietmar"]
[Black "Rubina, Tatiana"]
[Result "1-0"]
[WhiteElo "1930"]
[BlackElo "2022"]
[PlyCount "85"]
[EventDate "2017.10.19"]
[EventType "swiss"]
[EventRounds "7"]
[EventCountry "GER"]
[SourceTitle "CBM 181 Extra"]
[Source "ChessBase"]
[SourceDate "2017.12.12"]
[SourceVersion "1"]
[SourceVersionDate "2017.12.12"]
[SourceQuality "1"]

1. e4 c5 2. Nf3 d6 3. d4 cxd4 4. Nxd4 Nf6 5. Nc3 g6 6. Be3 Bg7 7. f3 0-0 8. Bc4 Nc6 9. Qd2 Na5 10. Be2 a6 11. Bh6 Qc7 12. 0-0-0 b5 13. h4 Bxh6 14. Qxh6 e5 15. Nf5 Bxf5 16. exf5 Rac8 17. Bd3 d5 18. g4 e4 19. fxe4 dxe4 20. Nxe4 Nxe4 21. Bxe4 Qe5 22. Bd3 Nc4 23. Bxc4 Rxc4 24. fxg6 hxg6 25. Rhe1 Qc5 26. h5 Rxg4 27. hxg6 Rxg6 28. Qh2 Qg5+ 29. Kb1 Qh6 30. Qe5 Qg7 31. Qc5 Qf6 32. Rh1 Rd8 33. Rdf1 Qd4 34. Qe7 Rf8 35. Rd1 Qf6 36. Qe3 Rd8 37. Rxd8+ Qxd8 38. Qe5 Rg7 39. Qh2 Kf8 40. Qh8+ Rg8 41. Qh6+ Rg7 42. Rg1 Qd4 43. Qh8+ 1-0

[Event "Wiesbaden op 29th"]
[Site "Wiesbaden"]
[Date "2017.08.26"]
[Round "4"]
[White "Neukirchner, Pascal"]
[Black "Wachsmann, Dietmar"]
[Result "1-0"]
[WhiteElo "2142"]
[BlackElo "1923"]
[PlyCount "75"]
[EventDate "2017.08.24"]
[EventType "swiss"]
[EventRounds "7"]
[EventCountry "GER"]
[SourceTitle "CBM 180 Extra"]
[Source "ChessBase"]
[SourceDate "2017.10.06"]
[SourceVersion "1"]
[SourceVersionDate "2017.10.06"]
[SourceQuality "1"]

1. d4 d5 2. c4 e6 3. g3 c6 4. Nf3 dxc4 5. Bg2 Qc7 6. a4 Nf6 7. Ne5 c5 8. Na3 cxd4 9. Naxc4 Nbd7 10. Bf4 Bb4+ 11. Kf1 Nh5 12. Qxd4 Nxf4 13. gxf4 Bc5 14. Qc3 0-0 15. Rg1 Nf6 16. Qg3 Rd8 17. Bf3 Bf8 18. Ne3 Bd7 19. Qg5 Ne8 20. N3g4 g6 21. Nh6+ Bxh6 22. Qxh6 Bc6 23. Bxc6 bxc6 24. Rc1 Rd6 25. Rg3 Qb7 26. b3 Nf6 27. Rh3 Rad8 28. Kg2 c5+ 29. f3 Rd2 30. Kf2 Qd5 31. Re1 Qd4+ 32. Kf1 Rd1 33. Qh4 Qe3 34. Nd3 Rxe1+ 35. Qxe1 Ne4 36. Nf2 Nd2+ 37. Kg2 Qxb3 38. Ng4 1-0

[Event "Wiesbaden op 29th"]
[Site "Wiesbaden"]
[Date "2017.08.26"]
[Round "5"]
[White "Wachsmann, Dietmar"]
[Black "Geltz, Noah"]
[Result "1-0"]
[WhiteElo "1923"]
[BlackElo "1737"]
[PlyCount "61"]
[EventDate "2017.08.24"]
[EventType "swiss"]
[EventRounds "7"]
[EventCountry "GER"]
[SourceTitle "CBM 180 Extra"]
[Source "ChessBase"]
[SourceDate "2017.10.06"]
[SourceVersion "1"]
[SourceVersionDate "2017.10.06"]
[SourceQuality "1"]

1. e4 c6 2. d4 d5 3. exd5 cxd5 4. c4 Nf6 5. Nc3 e6 6. Nf3 Bb4 7. Bd3 dxc4 8. Bxc4 0-0 9. 0-0 Nc6 10. a3 Be7 11. Re1 b6 12. Qd3 Na5 13. Ba2 Bb7 14. Ng5 h6 15. Nxf7 Rxf7 16. Bxe6 Bd6 17. Qg6 Qc7 18. Bxh6 Ne8 19. Nb5 Bxh2+ 20. Kh1 Qe7 21. Bg5 Nf6 22. Kxh2 Rd8 23. Re3 a6 24. Rae1 axb5 25. Bxf6 Qxf6 26. Bxf7+ Qxf7 27. Re8+ Rxe8 28. Rxe8+ Qxe8 29. Qxe8+ Kh7 30. d5 Nc4 31. d6 1-0

[Event "Wiesbaden op 29th"]
[Site "Wiesbaden"]
[Date "2017.08.24"]
[Round "1"]
[White "Wachsmann, Dietmar"]
[Black "Busch, Guenther"]
[Result "1-0"]
[WhiteElo "1923"]
[BlackElo "1561"]
[PlyCount "83"]
[EventDate "2017.08.24"]
[EventType "swiss"]
[EventRounds "7"]
[EventCountry "GER"]
[SourceTitle "CBM 180 Extra"]
[Source "ChessBase"]
[SourceDate "2017.10.06"]
[SourceVersion "1"]
[SourceVersionDate "2017.10.06"]
[SourceQuality "1"]

1. e4 d6 2. d4 g6 3. Nf3 Bg7 4. Bc4 a6 5. 0-0 e6 6. Nc3 Ne7 7. Be3 0-0 8. Re1 Nd7 9. Qd2 b6 10. Bh6 Kh8 11. Rad1 Ng8 12. Bxg7+ Kxg7 13. e5 d5 14. Bf1 Bb7 15. Ne2 a5 16. g3 Ba6 17. Bh3 Bxe2 18. Rxe2 Ne7 19. Rc1 c5 20. Ng5 h6 21. Nf3 Rh8 22. Qf4 g5 23. Qe3 c4 24. Ne1 Ng6 25. f4 Ndf8 26. Nf3 Ra7 27. fxg5 hxg5 28. Nxg5 Rh5 29. Bxe6 Nxe6 30. Nf3 Ng5 31. Rf1 Nxf3+ 32. Rxf3 Qg5 33. Rf6 b5 34. Qf3 Nh4 35. Qxd5 Qc1+ 36. Kf2 Nf5 37. h4 Nh6 38. Qf3 Qxb2 39. c3 Rf5 40. Rxf5 Qa3 41. Rg5+ Kf8 42. Qf6 1-0